|
|
|
|
| LEADER |
00000nam0a2200000 4500 |
| 001 |
300961 |
| 005 |
20231102001344.0 |
| 035 |
|
|
|a (RuTPU)RU\TPU\book\326114
|
| 090 |
|
|
|a 300961
|
| 100 |
|
|
|a 20150721d1983 km y0rusy50 ca
|
| 101 |
0 |
|
|a rus
|
| 102 |
|
|
|a RU
|
| 105 |
|
|
|a a z 001zy
|
| 200 |
1 |
|
|a Интенсификация научных исследований и разработок
|f Е. В. Косов
|
| 210 |
|
|
|a Москва
|c Экономика
|d 1983
|
| 215 |
|
|
|a 144 с.
|c ил.
|
| 320 |
|
|
|a Библиогр.: с. 140-142
|
| 606 |
2 |
|
|a Научно-исследовательская работа
|x Экономическая эффективность
|2 stltpush
|3 (RuTPU)RU\TPU\subj\45145
|9 64407
|
| 610 |
1 |
|
|a научные исследования
|
| 610 |
1 |
|
|a научные разработки
|
| 610 |
1 |
|
|a интенсификация
|
| 610 |
1 |
|
|a НИОКР
|
| 610 |
1 |
|
|a управление
|
| 610 |
1 |
|
|a научно-технический прогресс
|
| 610 |
1 |
|
|a ускорение
|
| 686 |
|
|
|a Ч215.5
|v LBC/SL-A
|2 rubbk
|
| 700 |
|
1 |
|a Косов
|b Е. В.
|g Евгений Васильевич
|
| 801 |
|
1 |
|a RU
|b 63413507
|c 20150721
|
| 801 |
|
2 |
|a RU
|b 63413507
|c 20190321
|g RCR
|
| 942 |
|
|
|c BK
|